|
|
|
|
| LEADER |
00000cam a2200000 a 4500 |
| 001 |
87240 |
| 005 |
20230308163407.0 |
| 008 |
993100|1987 ||||||||r|||||||||||spa|| |
| 020 |
|
|
|a 9682304741
|
| 040 |
|
|
|b spa
|
| 041 |
1 |
|
|a spa
|
| 082 |
0 |
|
|a 305.5
|
| 100 |
1 |
|
|a Schneider, Michael
|9 40089
|
| 245 |
1 |
1 |
|a Neurosis y lucha de clases: crítica materialista del psicoanálisis, para constituirlo en fuerza liberadora
|c Michael Schneider
|h imp
|
| 264 |
|
|
|a México
|b Siglo Veintiuno Editores
|c 1987
|
| 300 |
|
|
|a vii, 380 p
|c 21 cm
|
| 650 |
1 |
|
|a Lucha de clases
|9 1214
|
| 852 |
|
|
|a UC-CDJBV
|c ESTANTERIA CERRADA
|f Compra
|k sara.alvarado
|l 1
|m General
|p 19931006
|q 17820
|r 2
|t 87240
|b 0
|d CDRC
|e CDRC
|g 305.5 ESTANTERIA CERRADA
|z 1993-31-00
|
| 942 |
|
|
|c BK
|
| 999 |
|
|
|c 21440
|d 21440
|